Open Data Biblioteca Nacional de Portugal


República Portuguesa: Ministério da Cultura
Biblioteca Nacional de Portugal

Catálogo da BNP: acesso por Identificadores Unívocos
Registos Bibliográficos associados ao registo de autoridade

Etiqueta de registo: 00379nas 2200205 450
001 2283585
003 http://id.bnportugal.gov.pt/bib/catbnp/2283585
100 ## $a20260402b19851986m y0pory01030103ba
101 0# $apor
102 ## $aPT
106 ## $ae
110 ## $acaazz 0uu0
200 1# $aTablóide$fcoord. Geraldes Lino $gpropr. Sociedade Industrial de Imprensa
207 #0 $aNº 1 (21 set. 1985) - nº 52 (20 set. 1986)
210 #9 $aLisboa$cSociedade Industrial de Imprensa$d1985-1986
215 ## $d43 cm
312 ## $aSuplemento destacável, publicado como parte integrante do jornal Diário Popular
317 ## $aColeção Leandro de Moraes Sarmento$5PTBN: L.M.S. 271
326 ## $aSemanal
422 #1 $100190454$tDiário Popular$cLisboa$bSociedade Industrial de Imprensa,$d1942-1999
606 ## $aBanda desenhada$x[Periódicos]$2SIPOR$3887831
606 ## $aLiteratura juvenil$x[Periódicos]$2SIPOR$31883993
620 ## $dLisboa
675 ## $a741.5(05)$vBN$zpor$3300845
675 ## $a087.5(05)$vBN$zpor$3288171
702 #1 $aLino$bGeraldes$f1936-2019$4300$3266288
712 02 $aSociedade Industrial de Imprensa$4650$318246
801 #0 $aPT$bBN$gRPC
966 ## $lBN$mFGJOR$pBiblioteca particular Leandro de Moraes sarmento$sL.M.S. 271 $x3

OpendataBNP@bnportugal.pt | Mais informação sobre acesso aos dados BNP